Most Played Songs Live - Blur - Statistics

General Stats
  • This quiz has been taken 67 times
  • The average score is 10 of 15
Answer Stats
Times Played Song % Correct
336 Song 2
98%
323 Beetlebum
94%
434 Girls and Boys
94%
342 Parklife
91%
285 There's No Other Way
77%
284 The Universal
77%
210 Tender
74%
220 She's So High
72%
262 For Tomorrow
70%
265 To the End
68%
253 End of a Century
60%
354 This Is a Low
49%
369 Popscene
47%
255 Advert
42%
195 Trimm Trabb
11%
No matching quizzes found
Score Distribution
Percent of People with Each Score
Percentile by Number Answered
Your Score History
You have not taken this quiz